| 000 | 00834nam a2200217 4500 | ||
|---|---|---|---|
| 005 | 20160527154845.0 | ||
| 008 | 160527n bl ao|||r|||| 00| 0 spa d | ||
| 040 |
_aCO-BoIAVH _cCO-BoIAVH |
||
| 041 | 0 | _aeng | |
| 044 | _abl | ||
| 082 | 0 | 4 |
_a343.0853 _bN27r |
| 245 | 1 | 5 | _a1st. National report on wild fauna traffic in Brazil |
| 260 |
_aBrasília : _bRENCTAS : _bMinistry of the Environment, _c2001. |
||
| 300 |
_a108 páginas : _bilustraciones a color, tablas, gráficas a color y fotografías a color ; _c32 x 22 cm. |
||
| 500 | _aIncluye índice. | ||
| 504 | _aIncluye referencias bibliográficas. | ||
| 650 | 1 | 6 |
_aFauna _xcomercio _zBrasil _vReportes |
| 650 | 2 | 4 |
_aComercio de especies silvestres _zBrasil |
| 710 | 2 | _aRede Nacional de Combate ao Tráfico de Animais Silvestres (Brazil) | |
| 942 |
_cLIBRO _2ddc |
||
| 999 |
_c6822 _d6822 |
||